Statistics for What State Produces the Most - Farming

Click here to take the quiz!

General Stats

  • This quiz has been taken 34 times
  • The average score is 13 of 32

Answer Stats

HintAnswer% Correct
PotatoesIdaho
93%
CornIowa
86%
Maple syrupVermont
72%
ApplesWashington
72%
CheeseWisconsin
69%
Delaware Blue HensDelaware
66%
PeanutsGeorgia
66%
BeefTexas
66%
AlmondsCalifornia
59%
Thoroughbred horsesKentucky
59%
CrawfishLouisiana
55%
CoffeeHawaii
52%
GrapefruitFlorida
48%
Chili peppersNew Mexico
48%
TobaccoNorth Carolina
48%
Blue crabsMaryland
45%
WheatNorth Dakota
38%
HempColorado
28%
BlackberriesOregon
28%
RiceArkansas
24%
PumpkinsIllinois
24%
Wild blueberriesMaine
24%
ClamsVirginia
24%
Cultivated blueberriesMichigan
21%
MushroomsPennsylvania
17%
HuckleberriesMontana
14%
PopcornNebraska
14%
TeaSouth Carolina
14%
PeoniesAlaska
10%
ElderberriesMissouri
10%
EggplantNew Jersey
10%
PheasantsSouth Dakota
10%

Score Distribution

Percentile by Number Answered

Percent of People with Each Score

Your Score History

You have not taken this quiz